| 000 | 01502cam a22003734a 4500 | ||
|---|---|---|---|
| 001 | 17458349 | ||
| 003 | PILC | ||
| 005 | 20150304152442.0 | ||
| 008 | 120907s2013 pau bf 001 0 eng | ||
| 010 | _a 2012036506 | ||
| 020 | _a9780803627826 | ||
| 020 | _a9789746522762 | ||
| 035 | _a(DNLM)101591792 | ||
| 040 |
_aDNLM/DLC _cDLC _dDLC |
||
| 042 | _apcc | ||
| 050 | 0 | 0 |
_aRT 48.6 _b.D64 2013 |
| 082 | 0 | 0 | _a616.07/5 |
| 100 | 1 |
_aDoenges, Marilynn E., _d1922- |
|
| 245 | 1 | 0 |
_aNurse's pocket guide : _bdiagnoses, prioritized interventions, and rationales / _cDoenges Marilynn E., Moorhouse Mary Frances, Murr Alice C. |
| 250 | _a13th ed. | ||
| 260 |
_aPhiladelphia, PA : _bF.A. Davis Co., _cc2013. |
||
| 300 |
_axviii, 1279 pages : _c20 cm. |
||
| 504 | _aIncludes bibliographical references and index. | ||
| 505 | 0 | _aThe nursing process -- Application of the nursing process -- Putting theory into practice : sample assessment tools, plan of care, mind mapping, and documentation -- Nursing diagnoses in alphabetical order -- Health conditions and client concerns with associated nursing diagnoses. | |
| 521 | _aNursing | ||
| 650 | 1 | 2 |
_aNursing Diagnosis _vHandbooks. |
| 650 | 2 | 2 |
_aNursing Care _xclassification _vHandbooks. |
| 650 | 2 | 2 |
_aPatient Care Planning _vHandbooks. |
| 700 | 1 |
_aMoorhouse, Mary Frances, _d1947- |
|
| 700 | 1 |
_aMurr, Alice C., _d1946- |
|
| 906 |
_a7 _bcbc _corignew _d1 _eecip _f20 _gy-gencatlg |
||
| 942 |
_2lcc _cBK |
||
| 999 |
_c283719 _d283719 |
||